Los nombres secretos / (Registro nro. 31092)
[ vista simple ]
| 000 -LEADER | |
|---|---|
| fixed length control field | 00888nam a22002537a 4500 |
| 003 - CONTROL NUMBER IDENTIFIER | |
| control field | OSt |
| 005 - DATE AND TIME OF LATEST TRANSACTION | |
| control field | 20250926161907.0 |
| 008 - FIXED-LENGTH DATA ELEMENTS--GENERAL INFORMATION | |
| fixed length control field | 250926t |||a|||| |||| 00| 0 spa d |
| 037 ## - SOURCE OF ACQUISITION | |
| Source of stock number/acquisition | Donación |
| 040 ## - CATALOGING SOURCE | |
| Original cataloging agency | CO-JMCR |
| Language of cataloging | spa |
| Transcribing agency | CO-JMCR |
| Modifying agency | CO-JMCR |
| Description conventions | rda |
| 041 0# - LANGUAGE CODE | |
| Language code of text/sound track or separate title | spa |
| 082 04 - DEWEY DECIMAL CLASSIFICATION NUMBER | |
| Edition number | 23 |
| Classification number | N |
| Item number | REYn |
| 100 1# - MAIN ENTRY--PERSONAL NAME | |
| Personal name | Reyes, Yolanda, |
| Dates associated with a name | 1959- |
| Relator term | autora. |
| 9 (RLIN) | 4863 |
| 245 14 - TITLE STATEMENT | |
| Title | Los nombres secretos / |
| Statement of responsibility, etc. | Yolanda Reyes; ilustraciones de Elena Arévalo Melville. |
| 264 ## - PRODUCTION, PUBLICATION, DISTRIBUTION, MANUFACTURE, AND COPYRIGHT NOTICE | |
| Place of production, publication, distribution, manufacture | Bogotá : |
| Name of producer, publisher, distributor, manufacturer | MacMillan, |
| Date of production, publication, distribution, manufacture, or copyright notice | 2024. |
| 300 ## - PHYSICAL DESCRIPTION | |
| Extent | 61 páginas : |
| Other physical details | Ilustraciones ; |
| Dimensions | 20 cm. |
| 521 ## - TARGET AUDIENCE NOTE | |
| Target audience note | Recomendado para niños entre 7 a 12 años. |
| 650 24 - SUBJECT ADDED ENTRY--TOPICAL TERM | |
| Source of heading or term | JMCR |
| Topical term or geographic name entry element | Resiliencia |
| 9 (RLIN) | 44355 |
| 650 24 - SUBJECT ADDED ENTRY--TOPICAL TERM | |
| Source of heading or term | JMCR |
| Topical term or geographic name entry element | Novela infantil colombiana |
| 9 (RLIN) | 6541 |
| 650 24 - SUBJECT ADDED ENTRY--TOPICAL TERM | |
| Source of heading or term | JMCR |
| Topical term or geographic name entry element | Literatura infantil colombiana |
| 9 (RLIN) | 14030 |
| 650 24 - SUBJECT ADDED ENTRY--TOPICAL TERM | |
| Source of heading or term | JMCR |
| Topical term or geographic name entry element | Familia en la literatura |
| 9 (RLIN) | 591 |
| 700 1# - ADDED ENTRY--PERSONAL NAME | |
| Personal name | Arévalo Melville, Elena, |
| Relator term | ilustradora. |
| 9 (RLIN) | 44356 |
| 942 ## - ADDED ENTRY ELEMENTS (KOHA) | |
| Source of classification or shelving scheme | Dewey Decimal Classification |
| Koha item type | Books |
| Withdrawn status | Lost status | Source of classification or shelving scheme | Damaged status | Not for loan | Collection code | Home library | Current library | Shelving location | Date acquired | Source of acquisition | Total Checkouts | Full call number | Barcode | Date last seen | Copy number | Price effective from | Koha item type |
|---|---|---|---|---|---|---|---|---|---|---|---|---|---|---|---|---|---|
| Dewey Decimal Classification | Fiction | Biblioteca Pública José María del Castillo y Rada | Biblioteca Pública José María del Castillo y Rada | Book Cart | 12/10/2024 | Donación | N REYn | 201812638 | 09/26/2025 | Ej.1 | 09/26/2025 | Books |